| 000 | 01877cad a22002415a 4500 | ||
|---|---|---|---|
| 001 | L144339 | ||
| 008 | 080711e20080306xxk f v 000 0 eng d | ||
| 035 | _a(Sirsi) u144339 | ||
| 041 | 0 | _aeng | |
| 245 | 0 | 0 |
_aStephen Wells v Pilling Parish Council _h[electronic resource] |
| 260 | _c2008 | ||
| 520 | _a[2008] EWHC 556 (Ch), 6 March 2008. Appellant (W) appealed against an adjudicator's decision that refused to cancel an application by the respondent local authority (P) to alter the land register. W had been registered as the proprietor of a freehold with possessory title according to the Land Registration Act 2002. P sought closure of part of W's title as it asserted that he had not established the title through adverse possession as was claimed. The issue to be determined was whether P's application to alter the register was a matter of private or public law. Held: appeal allowed. Local authority's application to alter the land register to close part of a registered proprietor's title to land on the foreshore was a matter of private law. As the local authority did not have standing under private law, the adjudicator was required to strike out the application under the Adjudicator to Her Majesty's land Registry (Practice and Procedure) Rules 2003. | ||
| 590 | _aKA | ||
| 650 | 2 | 4 | _aSTEPHEN WELLS V PILLING PARISH COUNCIL |
| 650 | 2 | 4 | _aLAND REGISTRATION (SCOTLAND) ACT 1979 |
| 650 | 2 | 4 | _aLAND REGISTRATION ACT 2002 |
| 650 | 2 | 4 | _aADJUDICATOR TO HER MAJESTY'S LAND REGISTRY (PRACTICE AND PROCEDURE) RULES 2003 |
| 650 | 2 | 4 | _aWILSON AND OTHERS V KEEPERS OF THE REGISTER OF SCOTLAND |
| 651 | 4 |
_aUnited Kingdom _y |
|
| 690 | _aPROPERTY ACQUISITION AND DISPOSAL-REGISTRATION OF TITLE TO PROPERTY-LAND REGISTRATION | ||
| 856 | 4 | 0 |
_uhttps://www.bailii.org/ew/cases/EWHC/Ch/2008/556.html _zView the case free of charge online at www.bailii.org... |
| 942 | _n0 | ||
| 999 |
_c80428 _d80428 |
||